Jak vybírat podhodnocené akcie a vydělat na jejich růstu průvodce Financial Times

Gespeichert in:
Bibliographische Detailangaben
1. Verfasser: Arnold, Glen
Format: Buch
Sprache:Tschechisch
Veröffentlicht: Praha Computer Press 2011
Ausgabe:1. vyd.
Schlagworte:
Tags: Tag hinzufügen
Keine Tags, Fügen Sie das erste Tag hinzu!

MARC

LEADER 00000nam a2200000 4500
001 0182362
005 20221207093556.7
020 |a 978-80-251-2768-1 
041 0 |a cze 
044 |a CZ 
245 1 0 |a Jak vybírat podhodnocené akcie a vydělat na jejich růstu  |b průvodce Financial Times  |c Glen Arnold 
250 |a 1. vyd. 
264 1 |a Praha  |b Computer Press  |c 2011 
300 |a 366 s. 
610 2 0 |a akcie 
610 2 0 |a investovanie 
610 2 0 |a papiere cenné 
610 2 0 |a modely rastu 
100 1 |a Arnold, Glen